| 000 | 00395nam a2200145 a 4500 | ||
|---|---|---|---|
| 001 | 1547 | ||
| 003 | CDMR | ||
| 005 | 20130116135212.0 | ||
| 008 | 130130s1961||||||||||||||||||||||||||||d | ||
| 040 |
_aCDMR _bcat _cCDMR |
||
| 100 | 1 |
_aTarradell, Miquel _91160 |
|
| 245 | 1 | 0 |
_aHistòria dels catalans _bVolum I. Prehistòria i Antiguitat. Alta Edat Mitjana |
| 260 |
_aBarcelona _c1961 _bAriel |
||
| 942 | _cMON | ||
| 999 |
_c1547 _d1547 |
||